000 00312nam a22001337a 4500
008 180202b xxu||||| |||| 00| 0 eng d
020 _a0022425306
041 _aeng
080 _a37
100 _a47
101 _aEDU
245 _aMacmillan english thinking and writing processes
_cAckely,E
942 _2udc
_cBK
999 _c41681
_d41681